000 00478nam a2200229Ia 4500
003 IT-RoPAU
008 120407s9999 xx 000 0 und d
040 _aIT-RoPAU
040 _cIT-RoPAU
041 _aita
100 _aAlberto Basso
245 _aL’età di Bach e di Hendel
250 _aTorino
260 _aEdt
260 _c1976
300 _a181 p.
300 _c20,5 cm
490 _aStoria della musica,5
490 _v5
942 _cBK
999 _c27468
_d27468